• 首页
  • 本馆介绍
  • 公告通知
  • 最新文献
  • 馆藏检索
  • 电子资源
  • 读者导购
  • 参考咨询
  • 我的图书馆
  • 登录
  • 详细信息显示
  • 放入我的书架
  • 预约/预借图书
  • 作者相关作品
  • 分类相关作品
  • 丛书相关作品
  • 出版社相关作品

书目信息

  • 表格格式
  • 工作单格式
  • 卡片格式
题名:
证券及衍生产品定价实验教程
    
 
作者: 王浩 , 文忠桥 主编
分册:  
出版信息: 天津   天津大学出版社  2009
页数: 157页
开本: 24cm
丛书名:
单 册:
中图分类: F830.91
科图分类:
主题词: 证券市场--产品--价格--实验--教材 , 证券市场 , 价格
电子资源:
ISBN: 978-7-5618-3176-2
000 00948nam0 2200265 45
005 20100303111246.32
010    @a978-7-5618-3176-2@dCNY22.00
100    @a20091209d2009 em y0chiy0110 ea
101 0  @achi
102    @aCN@b120000
105    @ay z 000yy
106    @ar
200 1  @a证券及衍生产品定价实验教程@AZheng Quan Ji Yan Sheng Chan Pin Ding Jia Shi Yan Jiao Cheng@f王浩,文忠桥主编@FWang Hao, Wen Zhong Qiao Zhu Bian
210    @a天津@c天津大学出版社@d2009
215    @a157页@d24cm
300    @a经济、管理类实验系列教程
330    @a本书内容包括:股票定价实验;债券定价实验;基金定价实验;欧式期权定价实验;金融远期定价实验;期货定价实验;互换合约定价实验等。
606 0  @a证券市场@x产品@x价格@x实验@j教材
606 0  @a证券市场
606 0  @a价格
690    @aF830.91@v4
701  0 @a王浩@AWang Hao@4主编
701  0 @a文忠桥@AWen Zhong Qiao@4主编
801  0 @aCN@bTANGWEI@c20100303
905    @b0583769-72@dF830.91@e148@f4
    
    证券及衍生产品定价实验教程/王浩,文忠桥主编.-天津:天津大学出版社,2009
    157页;24cm
    经济、管理类实验系列教程
    
    ISBN 978-7-5618-3176-2:CNY22.00
    本书内容包括:股票定价实验;债券定价实验;基金定价实验;欧式期权定价实验;金融远期定价实验;期货定价实验;互换合约定价实验等。
●
相关链接 在E读中查询图书 在五车中查询图书 在当当中查询图书 在豆瓣中查询图书


正题名:证券及衍生产品定价实验教程     索取号:F830.91/148         预约/预借

序号 登录号 条形码 馆藏地/架位号 状态 备注
1 0583769   205837692   第一样本阅览室/ [索取号:F830.91/148] 在馆    
2 0583770   205837709   第一借阅区/ [索取号:F830.91/148] 在馆    
3 0583771   205837718   第一借阅区/ [索取号:F830.91/148] 在馆    
4 0583772   205837727   密集书库-海洋学院/ [索取号:F830.91/148] 在馆    
唐山师范学院图书馆 欢迎您!
大连网信软件有限公司© 版权所有